000 00486nam a2200169 a 4500
001 000034285
005 20200930073623.0
008 110929s2009 cu 000 0 spa d
020 _a9789591016256
040 _aDO-SdBNP
_bspa
_cBNPHU
100 1 _aFornet, Ambrosio
_915545
245 1 0 _aNarrar la nación :
_bensayos en blanco y negro /
_cmbrosio Fornet.
260 _aLa Habana :
_bLetras cubanas,
_c2009.
300 _a492 p. ;
_c24 cm.
500 _aIncluye índice
049 _aBNPD
999 _c33776
_d33776